[Event "79th ch-ESP 2014"]
[Site "Linares ESP"]
[Date "2014.09.02"]
[Round "9.16"]
[White "Andres Gonzalez, Ivan"]
[Black "Navarrete Espi, Samuel"]
[Result "1/2-1/2"]
[WhiteTitle "FM"]
[WhiteElo "2354"]
[BlackElo "2245"]
[WhiteFideId "2217783"]
[BlackFideId "2237725"]
[EventDate "2014.08.25"]

1. d4 Nf6 2. g3 g6 3. Bg2 Bg7 4. e4 d6 5. Nc3 O-O 6. Nge2 Nc6 7. h3 e5 8. Be3
exd4 9. Nxd4 Ne5 10. b3 Bd7 11. O-O Qc8 12. Kh2 h5 13. Bg5 Nh7 14. Be3 Nf6 15.
Bg5 Nh7 16. Be3 Nf6 1/2-1/2

[Event "79th ch-ESP 2014"]
[Site "Linares ESP"]
[Date "2014.09.02"]
[Round "9.17"]
[White "Sanchez Aller, Fernando"]
[Black "Romero Berruezo, Francisco"]
[Result "1-0"]
[WhiteTitle "FM"]
[WhiteElo "2352"]
[BlackElo "2211"]
[WhiteFideId "2222892"]
[BlackFideId "2224500"]
[EventDate "2014.08.25"]

1. e4 e5 2. Nf3 Nc6 3. Bb5 a6 4. Ba4 Nf6 5. O-O Be7 6. Re1 b5 7. Bb3 d6 8. c3
O-O 9. d4 Bg4 10. Be3 exd4 11. cxd4 Na5 12. Bc2 Nc4 13. Bc1 c5 14. b3 Nb6 15.
Bb2 cxd4 16. Nbd2 Nfd7 17. h3 d3 18. Bxd3 Nc5 19. Nf1 Be6 20. Nd4 Bd7 21. Ne3
Bf6 22. Ng4 Bxg4 23. hxg4 Qd7 24. Bc2 Rfe8 25. g5 Be5 26. Qh5 g6 27. Qh4 Rac8
28. Rad1 Ne6 29. Bb1 Nxd4 30. Bxd4 Bxd4 31. Rxd4 Re5 32. Red1 d5 33. f4 Re7 34.
f5 Qd6 35. Qh6 Rec7 36. exd5 Rc1 37. f6 Qf8 38. Qxf8+ Kxf8 39. Be4 Rxd1+ 40.
Rxd1 Nd7 41. Bf3 h5 42. Re1 b4 43. Re7 Rd8 44. d6 Nxf6 45. gxf6 Rxd6 46. Rb7
Rxf6 47. Rxb4 Rf5 48. Rb8+ Kg7 49. b4 Rf6 50. a4 Kh6 51. a5 Kg5 52. b5 axb5 53.
Rxb5+ 1-0

[Event "79th ch-ESP 2014"]
[Site "Linares ESP"]
[Date "2014.09.02"]
[Round "9.18"]
[White "Barrenechea Bahamonde, Gustavo"]
[Black "Gonzalez De La Torre, Santiago"]
[Result "1/2-1/2"]
[BlackTitle "IM"]
[WhiteElo "2124"]
[BlackElo "2466"]
[WhiteFideId "2254425"]
[BlackFideId "2221667"]
[EventDate "2014.08.25"]

1. e4 c5 2. Nf3 Nc6 3. d4 cxd4 4. c3 dxc3 5. Nxc3 d6 6. Bc4 a6 7. O-O Nf6 8. Bf4
Bg4 9. h3 Bh5 10. Qb3 Na5 11. Qa4+ Nd7 12. Be2 b5 13. Qd1 Bxf3 14. Bxf3 Ne5 15.
Be2 e6 16. Nxb5 axb5 17. Bxe5 dxe5 18. Bxb5+ Ke7 19. Qe2 Qb6 20. Rac1 Rb8 21.
Ba4 h6 22. b4 Qxb4 23. Rc7+ Kf6 24. Qf3+ Kg6 25. Qxf7+ Kh7 26. Bd1 Rb7 27. Bh5
Qxe4 28. Bf3 Qg6 29. Rxb7 Nxb7 30. Qxb7 Qf6 31. Be4+ Kg8 32. Rc1 g6 33. Rc7 Bd6
34. Qc8+ Bf8 35. Qd7 Bg7 36. Rc6 Kh7 37. Rxe6 Rd8 38. Rxf6 Rxd7 39. Bxg6+ Kg8
40. Rc6 Rd4 41. Rc7 e4 42. g4 Bf6 43. Ra7 Bh4 44. Bf7+ Kg7 45. Bb3+ Kg6 46. Rf7
Bg5 47. Kg2 Rd2 48. Kf1 Rd3 49. f3 exf3 50. Bc2 Kxf7 51. Bxd3 Be3 52. Be4 f2 53.
Ke2 Ba7 54. Bg2 Kf6 55. Kf3 Kg5 56. a4 Bb6 57. Bf1 h5 58. gxh5 Kxh5 59. Ke4 Kh6 1/2-1/2

[Event "79th ch-ESP 2014"]
[Site "Linares ESP"]
[Date "2014.09.02"]
[Round "9.19"]
[White "Larino Nieto, David"]
[Black "Castilla Leon Salas, Carlos"]
[Result "1-0"]
[WhiteTitle "GM"]
[WhiteElo "2432"]
[BlackElo "2190"]
[WhiteFideId "2256444"]
[BlackFideId "2260450"]
[EventDate "2014.08.25"]

1. e4 c5 2. Nc3 g6 3. d3 Bg7 4. f4 Nc6 5. Be3 d6 6. g4 e6 7. h4 b5 8. a3 Rb8 9.
Bg2 Nge7 10. h5 b4 11. axb4 Rxb4 12. h6 Bd4 13. Qc1 d5 14. Bd2 O-O 15. Nb5 Rxb5
16. Nf3 Bh8 17. e5 f6 18. c4 Rb8 19. cxd5 Nxd5 20. Qxc5 Ncb4 21. O-O Nxd3 22.
Qd4 N5xf4 23. Bxf4 Qxd4+ 24. Nxd4 fxe5 25. Bg3 Nf4 26. Nc6 Rb7 27. Rae1 Nxg2 28.
Kxg2 Rxf1 29. Rxf1 Rc7 30. Nxe5 Bb7+ 31. Kh3 g5 32. Ng6 a5 33. Ne7+ 1-0

[Event "79th ch-ESP 2014"]
[Site "Linares ESP"]
[Date "2014.09.02"]
[Round "9.20"]
[White "Pallardo Lozoya, Jose Vicente"]
[Black "Martinez Lopez, David"]
[Result "1-0"]
[WhiteTitle "FM"]
[WhiteElo "2387"]
[BlackElo "2209"]
[WhiteFideId "2230380"]
[BlackFideId "22235779"]
[EventDate "2014.08.25"]

1. e4 e6 2. b3 d5 3. Bb2 dxe4 4. Nc3 Nf6 5. Nge2 Be7 6. Ng3 O-O 7. Qe2 Nc6 8.
O-O-O a5 9. h4 e5 10. Ncxe4 Re8 11. Nxf6+ Bxf6 12. Ne4 Be7 13. Qh5 g6 14. Qh6
Bf8 15. Qg5 Be7 16. Qe3 a4 17. Bc4 Be6 18. Bxe6 fxe6 19. h5 g5 20. h6 axb3 21.
axb3 Rf8 22. Rh5 Rf5 23. Kb1 Qd5 24. d3 Nd4 25. Nxg5 Qxg2 26. Bxd4 Bxg5 27. Qe4
Qxe4 28. dxe4 exd4 29. exf5 Bf6 30. fxe6 d3 31. c3 Bxc3 32. Rxd3 Bf6 33. Rhd5
Re8 34. Re3 Ra8 35. Rf5 Bd4 36. Rg3+ Kh8 37. e7 1-0

[Event "79th ch-ESP 2014"]
[Site "Linares ESP"]
[Date "2014.09.02"]
[Round "9.21"]
[White "Sanchez Saez, Francisco"]
[Black "Navarro Lopez-Menchero, Daniel"]
[Result "1-0"]
[WhiteTitle "FM"]
[BlackTitle "FM"]
[WhiteElo "2319"]
[BlackElo "2135"]
[WhiteFideId "2231743"]
[BlackFideId "2297370"]
[EventDate "2014.08.25"]

1. c4 e5 2. g3 Nc6 3. Nc3 Nf6 4. Bg2 Bc5 5. d3 d6 6. Nf3 h6 7. O-O O-O 8. a3 a6
9. b4 Bb6 10. Bb2 Ne7 11. e3 Ng6 12. d4 c6 13. d5 c5 14. Qc2 Nd7 15. Ne4 Qe7 16.
bxc5 Nxc5 17. Nxc5 Bxc5 18. Nd2 Bd7 19. a4 Rac8 20. Ba3 b5 21. axb5 axb5 22.
Rfb1 Qd8 23. Qb3 b4 24. Bxb4 Rb8 25. Qc3 Bf5 26. Be4 Bxe4 27. Nxe4 Qb6 28. Bxc5
Qxb1+ 29. Rxb1 Rxb1+ 30. Kg2 dxc5 31. Nxc5 Rc8 32. Ne4 Rb6 33. c5 Ra6 34. d6
Rac6 35. d7 Rd8 36. Qa5 1-0

[Event "79th ch-ESP 2014"]
[Site "Linares ESP"]
[Date "2014.09.02"]
[Round "9.22"]
[White "Santos Ruiz, Miguel"]
[Black "Collado Barbas, Laura"]
[Result "1-0"]
[WhiteTitle "FM"]
[BlackTitle "WFM"]
[WhiteElo "2306"]
[BlackElo "2117"]
[WhiteFideId "22291482"]
[BlackFideId "2294907"]
[EventDate "2014.08.25"]

1. e4 e6 2. d4 d5 3. Bd3 c5 4. exd5 exd5 5. Nf3 Nf6 6. O-O c4 7. Re1+ Be7 8. Bf1
O-O 9. b3 b5 10. a4 cxb3 11. axb5 bxc2 12. Qxc2 Bb4 13. Bd2 Bxd2 14. Nbxd2 Qb6
15. Ra3 Bg4 16. Rea1 Rc8 17. Qa2 Rc7 18. Ra4 Bf5 19. Nb3 Ne4 20. Nc5 Be6 21. Na6
Re7 22. Qa3 Re8 23. Nc5 Rc8 24. Nxe6 fxe6 25. Rxa7 Rxa7 26. Qxa7 Qd6 27. Qb7 Rf8
28. Ra7 1-0

[Event "79th ch-ESP 2014"]
[Site "Linares ESP"]
[Date "2014.09.02"]
[Round "9.23"]
[White "Tierraseca Montero, Pablo"]
[Black "Shen, Yue"]
[Result "1/2-1/2"]
[WhiteElo "2143"]
[BlackElo "2266"]
[WhiteFideId "2261065"]
[BlackFideId "22251006"]
[EventDate "2014.08.25"]

1. e4 c5 2. b3 d6 3. Bb2 Nf6 4. Bb5+ Nbd7 5. d3 Qa5+ 6. Nc3 g6 7. Ne2 Bg7 8. O-O
O-O 9. Bxd7 Bxd7 10. h3 Bc6 11. f4 b5 12. a4 b4 13. Nb1 d5 14. e5 Nd7 15. Nd2
Nb6 16. f5 c4 17. Bd4 Rfe8 18. Ng3 Nd7 19. Qe2 Qc7 20. Rae1 cxd3 21. cxd3 e6 22.
fxg6 fxg6 23. Qe3 Rf8 24. Nf3 a5 25. Qg5 Qd8 26. Qg4 Qe7 27. Rc1 Rac8 28. h4 Kh8
29. Ne2 Rf5 30. Ng3 Rff8 31. Ne2 Bh6 32. Ng5 Bxg5 33. hxg5 Rf5 34. Rxf5 gxf5 1/2-1/2

[Event "79th ch-ESP 2014"]
[Site "Linares ESP"]
[Date "2014.09.02"]
[Round "9.24"]
[White "Sanchez Jerez, Emilio Miguel"]
[Black "Fernandez Lago, David"]
[Result "1-0"]
[WhiteTitle "FM"]
[WhiteElo "2232"]
[BlackElo "1959"]
[WhiteFideId "2256088"]
[BlackFideId "2280736"]
[EventDate "2014.08.25"]

1. c4 e5 2. Nc3 Nf6 3. Nf3 Nc6 4. e3 Bb4 5. Qc2 O-O 6. Nd5 Bc5 7. b4 Bxb4 8.
Nxb4 Nxb4 9. Qb2 Nc6 10. Nxe5 Nxe5 11. Qxe5 Re8 12. Qd4 d5 13. Bb2 Re4 14. Qc3
d4 15. Qc2 Bf5 16. O-O-O Bg6 17. d3 Re6 18. Bxd4 c5 19. Bc3 b5 20. cxb5 Rb8 21.
Qb3 Nd5 22. d4 Nxc3 23. Qxc3 cxd4 24. Rxd4 Qb6 25. a4 Qb7 26. Bc4 Ree8 27. Bd5
Rbc8 28. Bxb7 Rxc3+ 29. Kb2 Rc2+ 30. Kb3 Rxf2 31. Re1 h6 32. a5 Re5 33. Rd5 Re7
34. a6 f5 35. Rd8+ Kh7 36. Bd5 Bf7 37. Bxf7 Rxf7 38. Rb8 Rd7 39. Rb7 Rdd2 40.
Rb1 Rd3+ 41. Kc4 Rxe3 42. Rxa7 Re4+ 43. Kc5 Rc2+ 44. Kb6 Rxg2 45. Rc7 Ra2 46.
Rg1 1-0

[Event "79th ch-ESP 2014"]
[Site "Linares ESP"]
[Date "2014.09.02"]
[Round "9.25"]
[White "Domingo Nunez, Alejandro"]
[Black "Silva Rodriguez, Fernando"]
[Result "0-1"]
[WhiteElo "2023"]
[BlackElo "2217"]
[WhiteFideId "22245561"]
[BlackFideId "2215268"]
[EventDate "2014.08.25"]

1. e4 e5 2. Nf3 Nc6 3. Bc4 Bc5 4. c3 Nf6 5. d3 a6 6. O-O Ba7 7. Bb3 d6 8. h3 h6
9. Re1 g5 10. Nbd2 g4 11. hxg4 Nxg4 12. Re2 Qf6 13. Nf1 Rg8 14. Rc2 Bd7 15. Be3
O-O-O 16. Bxa7 Nxa7 17. Ne3 Nxe3 18. fxe3 Rg3 19. Qe2 Rdg8 20. Rf1 R8g7 21. Qf2
Nc6 22. Ne1 Qg5 23. Bxf7 Nd8 24. Bb3 Qh5 25. Qf8 Qh4 26. Rf3 R3g5 27. Rcf2 Rh5
28. Kf1 Rhg5 29. Rf6 Bg4 30. Nf3 Qh1+ 31. Ng1 Bh3 32. gxh3 Rxg1+ 33. Ke2 Kd7 34.
Bd5 R1g2 35. Rf3 c6 36. Bb3 Qc1 37. Rxg2 Qxb2+ 38. Ke1 Rxg2 39. Rf2 Rg1+ 40. Rf1
Qc1+ 41. Ke2 Qb2+ 42. Ke1 Qxc3+ 43. Ke2 Qb2+ 44. Ke1 Qc1+ 45. Ke2 Rg2+ 46. Rf2
Rg1 47. Rf1 Qb2+ 48. Ke1 Qb1+ 49. Ke2 Rxf1 50. Qxf1 Qxf1+ 51. Kxf1 Ne6 52. Kf2
Ke7 53. Kg3 Kf6 54. Kg4 Ng7 55. Kh4 a5 56. Kg4 b5 57. a4 Ne6 58. Kh5 Nc5 59. Bc2
b4 60. d4 b3 61. Bb1 Nxa4 62. Kxh6 Nc3 63. dxe5+ dxe5 64. Bd3 a4 65. h4 a3 0-1

[Event "79th ch-ESP 2014"]
[Site "Linares ESP"]
[Date "2014.09.02"]
[Round "9.26"]
[White "Lopez Mulet, Inigo"]
[Black "Plazuelo Pascual, Juan"]
[Result "1-0"]
[WhiteElo "2193"]
[BlackElo "2081"]
[WhiteFideId "22235620"]
[BlackFideId "32059566"]
[EventDate "2014.08.25"]

1. d4 Nf6 2. c4 e6 3. g3 c5 4. Nf3 cxd4 5. Nxd4 d5 6. Bg2 e5 7. Nf3 d4 8. O-O
Nc6 9. e3 Be7 10. exd4 exd4 11. Bf4 O-O 12. Ne5 Qb6 13. Qb3 Na5 14. Qxb6 axb6
15. Na3 Bxa3 16. bxa3 Be6 17. Rfc1 Rfd8 18. Rab1 Nd7 19. Nxd7 Rxd7 20. Rxb6 Rc8
21. c5 Nc4 22. Rxe6 fxe6 23. Rxc4 d3 24. Bd2 Rdc7 25. Bb4 Rd8 26. Rc1 Rd4 27.
Kf1 e5 28. Ke1 Kf7 29. Kd2 e4 30. Ke3 d2 31. Rd1 Rd3+ 32. Ke2 Rd4 33. Rxd2 Rc4
34. Ke3 Rc1 35. Bxe4 Re1+ 36. Re2 1-0

[Event "79th ch-ESP 2014"]
[Site "Linares ESP"]
[Date "2014.09.02"]
[Round "9.27"]
[White "Ruiz Font, Elisabet"]
[Black "Torres Ventosa, Pedro Eugenio"]
[Result "0-1"]
[BlackTitle "FM"]
[WhiteElo "2063"]
[BlackElo "2334"]
[WhiteFideId "2200490"]
[BlackFideId "2280663"]
[EventDate "2014.08.25"]

1. e4 d6 2. d4 Nf6 3. Nc3 e5 4. Nf3 Nbd7 5. Bc4 Be7 6. O-O O-O 7. Re1 c6 8. a4
a5 9. h3 Nb6 10. Bf1 Nfd7 11. b3 exd4 12. Nxd4 Nc5 13. Ba3 Re8 14. Qd2 Bf8 15.
Rad1 Qf6 16. f4 h5 17. Nf3 Ne6 18. Ne2 c5 19. c4 Bd7 20. Bb2 Qh6 21. g3 Bc6 22.
Nc3 Nd7 23. Nd5 Rac8 24. Qxa5 h4 25. Nxh4 Bxd5 26. exd5 Nxf4 27. Bc1 g5 28. Qc3
Qh7 29. gxf4 Qxh4 30. fxg5 Bg7 31. Rxe8+ Rxe8 32. Qf3 Bd4+ 33. Kh1 Ne5 34. Qf4
Qh7 35. Re1 Qc2 36. Re2 Qxb3 37. Rg2 Ng6 0-1

[Event "79th ch-ESP 2014"]
[Site "Linares ESP"]
[Date "2014.09.02"]
[Round "9.28"]
[White "Fernandez-Martos Machado, Eduard"]
[Black "Hernandez Estevez, Yudania"]
[Result "1-0"]
[BlackTitle "WIM"]
[WhiteElo "2060"]
[BlackElo "2258"]
[WhiteFideId "2200481"]
[BlackFideId "2219344"]
[EventDate "2014.08.25"]

1. d4 d5 2. c4 c6 3. Nf3 Nf6 4. Nc3 dxc4 5. a4 Bf5 6. e3 e6 7. Bxc4 Bb4 8. O-O
Nbd7 9. Qe2 Bg6 10. e4 Bxc3 11. bxc3 Nxe4 12. Ba3 Qc7 13. Rfc1 Nd6 14. Bxe6 O-O
15. Ba2 Rfe8 16. Qf1 Ne4 17. Re1 Nxc3 18. Rxe8+ Rxe8 19. Re1 Qd8 20. Bb3 Nf6 21.
Bb2 Ncd5 22. Re5 Qb6 23. Rxe8+ Nxe8 24. Qe2 Nef6 25. Bc4 Bh5 26. h3 h6 27. g4
Bg6 28. g5 Nf4 29. Qd2 Nxh3+ 30. Kg2 Ne4 31. Qd1 Qd8 32. Ng1 1-0

[Event "79th ch-ESP 2014"]
[Site "Linares ESP"]
[Date "2014.09.02"]
[Round "9.29"]
[White "Sanchez Barbado, Carlos"]
[Black "Iraneta Unzue, Iker"]
[Result "0-1"]
[WhiteElo "2249"]
[BlackElo "2015"]
[WhiteFideId "2273012"]
[BlackFideId "2298112"]
[EventDate "2014.08.25"]

1. e4 e5 2. Nf3 Nc6 3. d3 d5 4. Nbd2 Nf6 5. c3 Bc5 6. Be2 O-O 7. O-O a5 8. a4
Re8 9. h3 Bb6 10. Re1 h6 11. Qc2 Be6 12. Nf1 Rc8 13. Ng3 Qd7 14. Nh4 Ne7 15. Bf1
g5 16. Nf3 Ng6 17. Be3 Bxe3 18. fxe3 c6 19. Rad1 Qc7 20. Nf5 Kh7 21. g4 Rcd8 22.
Bg2 dxe4 23. dxe4 Rxd1 24. Rxd1 Qb6 25. Kf2 Bb3 26. Qd2 Nxe4+ 0-1

[Event "79th ch-ESP 2014"]
[Site "Linares ESP"]
[Date "2014.09.02"]
[Round "9.30"]
[White "Saenz Narciso, Miguel Angel"]
[Black "Lucena Moreno, Rafael"]
[Result "1-0"]
[WhiteElo "2192"]
[BlackElo "1986"]
[WhiteFideId "2251256"]
[BlackFideId "22225641"]
[EventDate "2014.08.25"]

1. e4 c6 2. Nc3 d5 3. Nf3 dxe4 4. Nxe4 Nf6 5. Nxf6+ exf6 6. d4 Bd6 7. Be2 O-O 8.
O-O Re8 9. Re1 Qc7 10. Bd2 b6 11. c4 Bg4 12. h3 Bh5 13. Nh4 Bxe2 14. Rxe2 Nd7
15. Nf5 Bf4 16. Rxe8+ Rxe8 17. Qg4 g5 18. Bxf4 Qxf4 19. Nh6+ Kg7 20. Qxd7 Re2
21. Nf5+ 1-0

[Event "79th ch-ESP 2014"]
[Site "Linares ESP"]
[Date "2014.09.02"]
[Round "9.31"]
[White "Ruperez Benito, Antonio"]
[Black "Perez De Aranda A., Leonardo I."]
[Result "1-0"]
[WhiteElo "2018"]
[BlackElo "2146"]
[WhiteFideId "22245049"]
[BlackFideId "2225611"]
[EventDate "2014.08.25"]

1. e4 d6 2. d4 Nf6 3. Nc3 e5 4. Nf3 Nbd7 5. Bc4 Be7 6. Be3 O-O 7. h3 c6 8. a4
Nxe4 9. Bxf7+ Rxf7 10. Nxe4 exd4 11. Qxd4 Nf8 12. c4 Qa5+ 13. Bd2 Qf5 14. O-O
Ne6 15. Qe3 Nf4 16. Qxf4 Qxf4 17. Bxf4 Rxf4 18. Rfe1 Bxh3 19. Ned2 Rg4 20. g3
Bg5 21. Ne4 Bf6 22. Nxf6+ gxf6 23. Kh2 Rxc4 24. Kxh3 Rc2 25. Kg2 Rxb2 26. Re6
Rd8 27. Rxf6 Kg7 28. Rf4 d5 29. Rh1 c5 30. Ng5 Kg6 31. Ne6 Rc8 32. Nf8+ Kg5 33.
Rxh7 Ra8 34. Rh1 1-0

[Event "79th ch-ESP 2014"]
[Site "Linares ESP"]
[Date "2014.09.02"]
[Round "9.32"]
[White "Mercado Larrea, Adrian"]
[Black "Sanchez Dengra, Jose Maria"]
[Result "1-0"]
[WhiteElo "2001"]
[BlackElo "2134"]
[WhiteFideId "2245140"]
[BlackFideId "22245391"]
[EventDate "2014.08.25"]

1. e4 c5 2. Nc3 Nc6 3. g3 g6 4. Bg2 Bg7 5. d3 d6 6. f4 Nf6 7. h3 O-O 8. Nf3 Rb8
9. O-O b5 10. g4 b4 11. Ne2 a5 12. Rb1 Nd7 13. Qe1 Ba6 14. b3 Qb6 15. Kh1 Rbc8
16. Qh4 Nd4 17. Nexd4 cxd4 18. Rf2 h6 19. Qg3 Rc5 20. h4 Rfc8 21. Ne1 a4 22. Bh3
Rd8 23. f5 Qc6 24. Bg2 axb3 25. axb3 Qc7 26. Ra1 Ra5 27. Rxa5 Qxa5 28. Bf4 Ne5
29. Rf1 Qc5 30. Bh3 Rf8 31. Qf2 d5 32. Bxe5 Bxe5 33. fxg6 dxe4 34. gxf7+ Kg7 35.
Qf5 exd3 36. cxd3 Bb7+ 37. Bg2 Bxg2+ 38. Nxg2 Qd6 39. Nf4 Bxf4 40. Qxf4 Qd5+ 41.
Rf3 e5 42. Qf6+ Kh7 43. g5 1-0